Psycho-analysis and contemporary thought (Record no. 433159)

000 -LEADER
fixed length control field 00509cam a22001457a 4500
008 - FIXED-LENGTH DATA ELEMENTS--GENERAL INFORMATION
fixed length control field 180718b1958 xxu||||| |||| 00| 0 eng d
082 ## - DEWEY DECIMAL CLASSIFICATION NUMBER
Classification number K93134 Su84
100 ## - MAIN ENTRY--PERSONAL NAME
Personal name Winnicot, D. W.
245 ## - TITLE STATEMENT
Title Psycho-analysis and contemporary thought
Statement of responsibility, etc. by D. W. Winnicott...[et. al.]; edited by John D. Sutherland
260 ## - PUBLICATION, DISTRIBUTION, ETC.
Place of publication, distribution, etc. London
Name of publisher, distributor, etc. Hogarth
Date of publication, distribution, etc. 1958
300 ## - PHYSICAL DESCRIPTION
Extent 149p.
440 ## - SERIES STATEMENT/ADDED ENTRY--TITLE
Title International psycho-analytical library, no.53; edited by John D. Sutherland
650 ## - SUBJECT ADDED ENTRY--TOPICAL TERM
Topical term or geographic name entry element Psycho-analysis
700 ## - ADDED ENTRY--PERSONAL NAME
Personal name Sutherland, John D.
Holdings
Withdrawn status Lost status Damaged status Not for loan Permanent Location Current Location Date acquired Full call number Barcode Date last seen Price effective from Koha item type
        Indian Institute of Public Administration Indian Institute of Public Administration 2010-02-05 K93134 Su84 13251 2018-07-21 2018-07-21 Book

Powered by Koha